000 00651nam a2200241Ia 4500
008 210210b2018 xxu||||| |||| 00| 0 eng d
020 _a9789352805518
041 _aeng
082 _a174.4 SENM
100 _aSENEVIRATNE (Kalinga) Ed
245 _aMindful communication for sustainable development:perspectives from Asia
260 _aNew Delhi
_bSage Publications India Pvt. Limited.
_c2018
300 _axiv,353
650 _asustainable
650 _aMindful
650 _afrom
650 _afor
650 _adevelopment:perspectives
650 _acommunication
650 _aAsia
690 _aBusiness Ethics
906 _a074303
999 _c124225
_d124225